000 00591pab a2200193 454500
008 180718b2011 xxu||||| |||| 00| 0 eng d
100 _aKoliba, Christopher
245 _aAccountability in governance networks: An assessment of public, private, and nonprofit emergency management practices following hurricane Katrina
260 _c2011
300 _ap.210-220.
362 _aMar-Apr
650 _aAccountability
650 _aPublic administration
700 _aZia, Asim
700 _aMills, Russell M.
773 _aPublic Administration Review
908 _aN
909 _a92314
999 _c92314
_d92314